| 000 | 00381nam a2200145Ia 4500 | ||
|---|---|---|---|
| 008 | 150201s2012 xx 000 0 und d | ||
| 082 |
_a612 _bB12T |
||
| 100 | _aTANDON, O.P. | ||
| 245 | _aBEST & TAYLOR,S PHYSIOLOGICAL BASIS OF MEDICAL PRACTICE | ||
| 250 | _a13TH | ||
| 260 |
_bWOLTERS KLUWER _aINDIA _c2012 |
||
| 300 | _a1-1283 | ||
| 650 | _aHUMAN PHYSIOLOGY | ||
| 942 |
_2ddc _cBK _01 |
||
| 999 |
_c1777 _d1777 |
||